Really Long List of Greek Gods - Statistics

General Stats
  • This quiz has been taken 1,071 times
  • The average score is 31 of 98
Answer Stats
Hint Answer % Correct
Athens and Wisdom Athena
98%
Goddess of Love Aphrodite
97%
God of Fierce War Ares
97%
Underworld Hades
97%
Sea Poseidon
97%
The Hunt Artemis
96%
Messenger of the Gods Hermes
96%
Lighting Zeus
95%
Wine Dionysus
93%
Harvest Demeter
92%
God of the Arts Apollo
91%
The Hearth Hestia
87%
The Forge Hephaestus
86%
Strife and Discord Eris
82%
The Harvest Cronus
76%
Love Eros
75%
Holds the World Atlas
68%
Brought Fire to Humans Prometheus
63%
Death Thanatos
63%
Literally the Ocean Oceanus
62%
Sleep Hypnos
61%
Time Kronos
61%
Sun Helios
60%
Dawn Eos
56%
Victory Nike
56%
The Wild Pan
55%
Witchcraft Hecate
52%
Spring Persephone
52%
Childbirth Rhea
51%
Rainbows Iris
50%
Retribution Nemesis
50%
The Moon Selene
47%
Earth (Mother Earth) Gaea
44%
Disorder Chaos
42%
The Sky Uranus
42%
The Pit Tartarus
39%
Fear Phobos
32%
Messenger of Poseidon Triton
30%
Motherhood and Womanly Demure Leto
28%
Dreams Morpheus
28%
Medecine Asclepius
27%
Poseidon's Mistress Amphitrite
24%
Memory Mnemosyne
24%
Law and Order Themis
21%
The Sea (Male) Pontus
19%
Darkness Erebus
18%
Day Hemera
15%
Heavenly Light Hyperion
15%
Titan Grandmother of Apollo and Artemis Phoebe
15%
"Afterthought" Epimetheus
14%
Harmony Harmonia
14%
Deep Thought Metis
13%
Fresh Water Tethys
13%
Heavenly Matter Aether
11%
Magic Circe
11%
Death Iapetus
11%
Luck and Fortune Tyche
11%
Intellect Coeus
10%
West Wind Zephyrus
10%
Four Winds Aeolus
9%
Strength Kratos
9%
Constellations Crius
8%
Blue Light Theia
8%
The Sea (Female) Thalassa
7%
War (Companion of Ares) Enyo
6%
Stars Asteria
5%
Strength Bia
5%
Childbirth Eileithyia
5%
Misery and Sadness Achlys
4%
North Wind Boreus
4%
The Fates Morai
4%
Protector of Flocks (Thumbnail For This Quiz) Priapus
4%
Necessity and Compulsion Ananke
3%
Justice Dike
3%
The Mountians Ourea
3%
Wealth Plutus
3%
The Changing Sea Proteus
3%
Eternity Aion
2%
East Wind Euros
2%
Youth Hebes
2%
Sickness Hygeia
2%
Mockery Momus
2%
South Wind Notos
2%
Procreation Phanes
2%
Creation Thesis
2%
Dedication Zelus
2%
Revenger (Somtimes Put Befor Zeus) Alastor
1%
Vegetation (Male) Attis
1%
Fresh Water Hydros
1%
Islands Nesoi
1%
Nature Physis
1%
Tried to Kill Achilles But Was Stopped by Hephaestus Scamander
1%
Turned Himself to a River to Be With a Well Alpheus
0%
Innocence Astreae
0%
Opportunity and Luck Caesurus
0%
Terror Demois
0%
Marriage Celebrations Hymenoais
0%
Jealousy Semete
0%
No matching quizzes found
Score Distribution
Percent of People with Each Score
Percentile by Number Answered
Your Score History
You have not taken this quiz